Culture Générale #12 - Statistiques

Statistiques générales
  • Ce quiz a été pris 232 fois
    136 depuis la dernière actualisation
  • Le résultat moyen est 11 sur 20
Statistiques - réponses
Questions Réponses % Correct
Quel est résultat de l'opération : 2((2+2)/2-1) ? 2
88%
À quelle couleur sont associées les nuances nommées : Pourpre, Cramoisi et Carmin ? Rouge
81%
Dans quel sport collectif tire-t-on des lancers francs ? Basketball
77%
Dans quel pays Lula da Silva a-t-il été élu président en 2002, en 2006 et en 2022 ? le Brésil
72%
Au poker, comment appelle-t-on la réunion de trois cartes de même valeur ? le brelan
69%
Dans quel pays le soleil ne se couche-t-il pas (ou presque) en été ? la Finlande
62%
Dans quel pays se situe la baie d'Along ? au Vietnam
60%
Comment se nomme le chanteur du groupe « The Police » ? Sting
57%
Quel terme informatique désigne le fait d’enregistrer des documents en ligne sur un espace de stockage sécurisé ? le Cloud
56%
Dans quel club américain Tony Parker a-t-il joué la majorité de sa carrière de basketteur ? San Antonio Spurs
53%
Quel cinéaste américain a réalisé la trilogie baptisée "Le Parrain" ? Francis Ford Coppola
51%
Quel est le nom de la pathologie qui entraîne un battement trop rapide du cœur ? Tachycardie
50%
Quel robot de dessin animé né en 1975 lutte contre les forces de Véga à l'aide de ses "astéro-haches" et de ses "fulguro-poings" ? Goldorak
49%
Quelle est la capitale de la Jordanie ? Amman
44%
Quel fruit trouve-t-on dans un cocktail Margarita ? le Citron
43%
Qui est l’inventeur de la pile électrique ? Alessandro Volta
42%
Combien y a-t-il de cases blanches sur un jeu de dames classique ? 50
33%
Quel est le nom de l’acteur ayant incarné le personnage de Grégory House dans la série Dr House ? Hugh Laurie
31%
Sur quelle pochette d'un album de Nirvana voit-on un bébé qui nage vers un billet retenu par un hameçon ? Nevermind
27%
Quel pilote français de Formule 1 est décédé des suites d’un accident survenu au Grand Prix du Japon 2014 ? Jules Bianchi
25%
Aucun quiz correspondant
Distribution des résultats
% des personnes avec chaque résultat
Percentile par nombre de réponses
Votre historique - résultats
Vous n’avez pas pris ce quiz depuis la dernière actualisation